| 000 | 01149nam a22002537a 4500 | ||
|---|---|---|---|
| 005 | 20110127111440.0 | ||
| 008 | 110127t xxu||||| |||| 00| 0 hin d | ||
| 010 | _aHIN-91638 | ||
| 020 |
_a9788172112776 _c850.00 |
||
| 020 | _a8172112777 | ||
| 035 | _aHN-63984 | ||
| 037 | _bDBAD / PUB | ||
| 040 |
_aDPL _bHN |
||
| 082 | _a398.1 | ||
| 100 |
_925632 _aचौबे, नीता |
||
| 245 |
_aपूर्व मध्यकालीन लोक जीवन एवं संस्कृति / _cनीता चौबे |
||
| 260 |
_aनई दिल्ली _bनार्दर्न बुक सेंटर _c2009 |
||
| 270 |
_a4221/1, अंसारी रोड, दरियागंज _bनई दिल्ली _e110002 _k011- 23264519 _l011- 23252651 _mnbcnd@ndb.vsnl.net.in |
||
| 300 |
_a261पृ. _c22सेमी (सजिल्द) |
||
| 650 | _9657 | ||
| 700 | _925634 | ||
| 942 |
_2ddc _cHN _h398.1 _mचौबेनी |
||
| 999 |
_c50130 _d50130 |
||